00464nam a2200181Ia 4500003000400000005001700004008004100021020001700062040000700079041000800086082001300094100002500107245008400132250000600216260003300222300001400255365001300269OSt20230331152122.0210423s2009 xx 000 0 und d a978074945956 cAL aeng a658 ARMM aARMSTRONG (Michael). aArmstrongs handbook of management and leadership: guide to managing for result. a2 aLondonbKogan Page Ltdc2009 ax,276bPB b395cINR